Some Famous Mohammedan Saints and Shrines (Record no. 1927)
[ view plain ]
| 000 -LEADER | |
|---|---|
| fixed length control field | 00576nam a2200241 a 4500 |
| 020 ## - INTERNATIONAL STANDARD BOOK NUMBER | |
| ISBN | |
| 082 00 - DEWEY DECIMAL CLASSIFICATION NUMBER | |
| Classification number | 297.4 |
| Author Cutter | PAK |
| 100 ## - MAIN ENTRY--AUTHOR NAME | |
| Author name | Pakhurst, C A |
| 245 ## - TITLE STATEMENT | |
| Title | Some Famous Mohammedan Saints and Shrines |
| 260 ## - PUBLICATION, DISTRIBUTION, ETC. (IMPRINT) | |
| Place of publication | Delhi |
| Name of publisher | Aastana Book Depot |
| Year of publication | 1946 |
| 300 ## - PHYSICAL DESCRIPTION | |
| Number of Pages | 36p |
| 500 ## - GENERAL NOTE | |
| General note | includes index and biblioraphy |
| 505 2# - FORMATTED CONTENTS NOTE | |
| Formatted contents note | Index |
| 650 ## - SUBJECT ADDED ENTRY--TOPICAL TERM | |
| Topical Term | Shrine-Islam |
| 942 ## - ADDED ENTRY ELEMENTS (KOHA) | |
| Koha item type | Books |
| 700 1# - | |
| -- | Pakhurst, C A |
| Collection code | Home library | Current library | Date acquired | Cost, normal purchase price | Full call number | Accession Number | Koha item type |
|---|---|---|---|---|---|---|---|
| Henry Martyn Institute Library | Henry Martyn Institute Library | 05/24/2005 | 0.00 | 297.4 PAK | 01587 | Books |
